| 000 | 00569nam a22001931a 4500 | ||
|---|---|---|---|
| 001 | 10728 | ||
| 003 | OSt | ||
| 005 | 20260204212210.0 | ||
| 008 | 100211s2005||||sp ||||||b||||||||||spa|| | ||
| 020 | _a8475845460 | ||
| 050 | _a791.4309 P824e | ||
| 100 | _aPorfirio, Robert | ||
| 245 | _aEl cine negro americano: los secretos de los cineastras del período clásico / Robert Porfirio, Alain Silver y James Ursini | ||
| 264 | _aEspaña : Laertes | ||
| 300 | _a267 p | ||
| 650 | _aCine - Historia | ||
| 700 | _aSilver, ALin II.Ursini, James 3.TilÌ | ||
| 942 |
_2ddc _cBK |
||
| 999 |
_c10728 _d10728 |
||